Best Car Companies - Statistics

General Stats
  • This quiz has been taken 15 times
  • The average score is 26 of 80
Answer Stats
Car Companies % Correct
BMW
93%
Ferrari
93%
Ford
93%
Mercedes
93%
Toyota
86%
Fiat
79%
Honda
79%
Lamborghini
79%
Nissan
79%
Audi
71%
Chevrolet
71%
Volkswagen
71%
Jaguar
64%
Porsche
64%
Cadillac
57%
Citroen
57%
Renault
57%
Bugatti
50%
Chrysler
50%
Jeep
50%
Lexus
50%
Maruti Suzuki
50%
Mazda
50%
Rolls-Royce
50%
Volvo
50%
Aston Martin
43%
Bentley
43%
Land Rover
43%
Mitsubishi
43%
Opel
43%
Peugeot
43%
Tesla
43%
Alfa Romeo
36%
Buick
36%
Dacia
36%
GMC
36%
Mini
36%
Skoda
36%
Subaru
36%
AC
29%
Dodge
29%
Lancia
29%
Lotus
29%
Maserati
29%
Range Rover
29%
Tata
29%
Vauxhall
29%
Acura
21%
Smart
21%
Daihatsu
14%
Hummer
14%
Koenigsegg
14%
McLaren
14%
Pagani
14%
Cord
7%
Corvette
7%
Eagle
7%
Maybach
7%
Mercury
7%
Pontiac
7%
TVR
7%
Wiesmann
7%
Ascari
0%
Auburn
0%
DeLorean
0%
DS
0%
Duesenberg
0%
Fisker
0%
Fornasari
0%
Hindustan Motors
0%
Hollden
0%
Mahindra
0%
Mahindra
0%
Packard
0%
Peerless
0%
REVA
0%
Ruf
0%
Saleen
0%
Shelby
0%
Stutz
0%
No matching quizzes found
Score Distribution
Percent of People with Each Score
Percentile by Number Answered
Your Score History
You have not taken this quiz